00930nam a22002897a 45000010005000000030006000050050017000110080041000280200015000690400029000840500018001130820011001311000019001422450032001612500046001932600037002393000066002764900015003425050008003575210029003655210020003946500025004146500026004399420015004659990015004809520145004958049FISKH20250819153953.0250819b cb ||||| |||| 00| 0 eng d a0439148715 aFISKHbengcFISKHdFISKH aQL666.O6 S456 a597.96 aSimon, Seymour aSnakes / cBy Seymour Simon aFirst Scholastic printing, Februrary 2000 aNew York :bScholastic , c1992. a24 unnumbered pages : bcolor illustrations ; c23 X 28 cm .  aSee In 3-D aM 8 a550 bLexile estimate 8 aM bRaz-Plus  aSnakes vNon-fiction aAnimals vNon-fiction 2ddccBKn0 c8049d8049 00102ddc4070a002b001cTTP Yellow d2025-08-19l1oSIM 597.96 QL666.O6 S456pFISSE01284r2025-12-04 10:48:55s2025-11-21w2025-08-19yBK